书目信息 |
| 题名: |
全球传媒评论
|
|
| 作者: | 郭镇之 主编 ;清华大学新闻与传播学院 编 | |
| 分册: | ||
| 出版信息: | 北京 清华大学出版社 2012 |
|
| 页数: | 264页 | |
| 开本: | 24cm | |
| 丛书名: | ||
| 单 册: | ||
| 中图分类: | G206-53 | |
| 科图分类: | ||
| 主题词: | 传播学 , 传播学--文集 | |
| 电子资源: | ||
| ISBN: | 978-7-302-28636-3 | |
| 000 | 01236nam0 2200301 45 | |
| 001 | 1359666156 | |
| 005 | 20130529084025.75 | |
| 010 | @a978-7-302-28636-3@dCNY45.00 | |
| 100 | @a20130513d2012 em y0chiy50 ea | |
| 101 | 0 | @achi@deng |
| 102 | @aCN@b110000 | |
| 105 | @ay z 000yy | |
| 106 | @ar | |
| 200 | 1 | @a全球传媒评论@AQuan Qiu Chuan Mei Ping Lun@e院庆纪念专刊@EYuan Qing Ji Nian Zhuan Kan@dGlobal media review@f郭镇之主编@FGuo Zhen Zhi Zhu Bian@g清华大学新闻与传播学院编@zeng |
| 210 | @a北京@c清华大学出版社@d2012 | |
| 215 | @a264页@d24cm | |
| 300 | @a本书得到宏盟集团的资助 | |
| 300 | @a清华大学新闻与传播学院十年庆纪念专刊 | |
| 330 | @a本书加强国际新闻传播的学术发展,增进与国内外学者的交流,推动新闻传播理论、历史和研究结果的探索、表达、对话与争鸣。本书包括五个主题:新闻与传播教育、媒介伦理、全球传播研究、新闻传播研究、全球传播论坛。 | |
| 510 | 1 | @aGlobal media review@zeng |
| 517 | 1 | @a院庆纪念专刊@AYuan Qing Ji Nian Zhuan Kan |
| 606 | 0 | @a传播学 |
| 606 | 0 | @a传播学@j文集 |
| 690 | @aG206-53@v5 | |
| 701 | 0 | @a郭镇之@AGuo Zhen Zhi@4主编 |
| 712 | 02 | @a清华大学新闻与传播学院@AQing Hua Da Xue Xin Wen Yu Chuan Bo Xue Yuan@4编 |
| 801 | @aCN@bTANGWEI@c20130522 | |
| 905 | @b0832788-93@dG206-53@e504@f6 | |
| 全球传媒评论:院庆纪念专刊=Global media review/郭镇之主编/清华大学新闻与传播学院编.-北京:清华大学出版社,2012 |
| 264页;24cm |
| 本书得到宏盟集团的资助.-清华大学新闻与传播学院十年庆纪念专刊 |
| ISBN 978-7-302-28636-3:CNY45.00 |
| 本书加强国际新闻传播的学术发展,增进与国内外学者的交流,推动新闻传播理论、历史和研究结果的探索、表达、对话与争鸣。本书包括五个主题:新闻与传播教育、媒介伦理、全球传播研究、新闻传播研究、全球传播论坛。 |
| ● |
| 相关链接 |
|
|
|
|
正题名:全球传媒评论
索取号:G206-53/504
 
预约/预借
| 序号 | 登录号 | 条形码 | 馆藏地/架位号 | 状态 | 备注 |
| 1 | 0832788 | 208327880 | 第一样本阅览室/ [索取号:G206-53/504] | 在馆 | |
| 2 | 0832789 | 208327899 | 第四借阅区/ [索取号:G206-53/504] | 在馆 | |
| 3 | 0832790 | 208327906 | 第四借阅区/ [索取号:G206-53/504] | 在馆 | |
| 4 | 0832791 | 208327915 | 第四借阅区/ [索取号:G206-53/504] | 在馆 | |
| 5 | 0832792 | 208327924 | 第四借阅区/ [索取号:G206-53/504] | 在馆 | |
| 6 | 0832793 | 208327933 | 中文系资料室/ [索取号:G206-53/504] | 在馆 |